[Event "IM"]
[Site "Stockholm SWE"]
[Date "2000.06.13"]
[Round "4"]
[White "Eriksson,Joh"]
[Black "Nilssen,J"]
[Result "1-0"]
[WhiteElo "2364"]
[BlackElo "2339"]

1.d4 Nf6 2.c4 e6 3.Nc3 Bb4 4.Qc2 O-O 5.a3 Bxc3+ 6.Qxc3 b5 7.cxb5 c6 8.f3 Nd5
9.Qd3 f5 10.e4 Nb6 11.Nh3 cxb5 12.Bg5 Qe8 13.Qxb5 fxe4 14.fxe4 Bb7 15.Bd3 Nc6
16.Be3 Rc8 17.Nf2 d5 18.e5 Qd7 19.O-O Nc4 20.Bxc4 a6 21.Qb6 dxc4 22.Ne4 Ba8
23.Nd6 Rb8 24.Qxa6 Ne7 25.Qxc4 Rxb2 26.Rxf8+ Kxf8 27.Bf2 Qc6 28.Qxc6 Nxc6
29.Rc1 Ke7 30.Nc4 Ra2 31.h3 h6 32.Rb1 Nd8 33.Rb2 Ra1+ 34.Kh2 Bd5 35.Rc2 Be4
36.Rc3 Ra2 37.Kg3 Nc6 38.Nd6 Bd5 39.Nc8+ Kd8 40.Nb6 Be4 41.d5 Nxe5 42.dxe6 Nd3
43.Nd5 Rxf2 44.e7+ Kd7 45.Rc7+ Kd6 46.e8=Q Rxg2+ 47.Kh4  1-0

[Event "FSGM June"]
[Site "Budapest HUN"]
[Date "2000.06.14"]
[Round "12"]
[White "Jakab,A"]
[Black "Belichev,N"]
[Result "1-0"]
[WhiteElo "2354"]
[BlackElo "2414"]

1.d4 Nf6 2.c4 e6 3.Nc3 Bb4 4.Qc2 O-O 5.a3 Bxc3+ 6.Qxc3 Ne4 7.Qc2 f5 8.Nf3 b6
9.g3 Bb7 10.Bg2 Nf6 11.O-O Be4 12.Qc3 Qe8 13.b4 d6 14.a4 Nbd7 15.b5 Qh5 16.a5 Rac8
17.axb6 axb6 18.Ra7 Ng4 19.h3 Ngf6 20.Ng5 Bxg2 21.Kxg2 Ne4 22.Qf3 Qg6 23.Nxe4 fxe4
24.Qg4 Qxg4 25.hxg4 e5 26.Rd1 Rf7 27.g5 exd4 28.Rxd4 Nc5 29.Ba3 Re8 30.Bxc5 bxc5
31.Rd1 Re6 32.Rh1 Re5 33.g6 hxg6 34.Ra8+ Rf8 35.Rh8+ Kxh8 36.Rxf8+ Kh7 37.Rf7 d5
38.cxd5 Rxd5 39.Rxc7 Kh6 40.b6 Rd6 41.b7 Rb6 42.Kh3 Rb4 43.Kg4 c4 44.Rc8  1-0

[Event "It"]
[Site "Valjevo YUG"]
[Date "2000.06.20"]
[Round "4"]
[White "Stojanovic,Mih"]
[Black "Perunovic,Mil"]
[Result "0-1"]
[WhiteElo "2443"]
[BlackElo "2384"]

1.d4 Nf6 2.c4 e6 3.Nc3 Bb4 4.Qc2 O-O 5.Nf3 c5 6.a3 Bxc3+ 7.bxc3 Nc6 8.e4 d6
9.e5 Ne8 10.Ng5 g6 11.h4 cxd4 12.h5 Qa5 13.hxg6 hxg6 14.Nh7 Qxe5+ 15.Be2 dxc3
16.Nxf8 Kxf8 17.Bh6+ Kg8 18.Rh3 Nd4 19.Qd3 Nf5 20.Bf4 Qf6 21.Rh2 Bd7 22.O-O-O c2
23.Rdh1 Kf8 24.Bg4 e5 25.Bd2 Rc8 26.f4 Be6 27.Bxf5 Bxf5 28.Qe3 Rxc4 29.Rh8+ Ke7
30.Qxa7 exf4 31.Qxb7+ Nc7 32.Re1+ Kd7 33.Qb2 Qxb2+ 34.Kxb2 Ne6 35.Rb8 Nc5
36.Rb3 Nd3+ 37.Rxd3 Bxd3 38.Rh1 g5 39.Kc1 Be4 40.Rh5 f6  0-1

[Event "11th Open"]
[Site "Ljubljana SLO"]
[Date "2000.06.22"]
[Round "6"]
[White "Jelen,Ig"]
[Black "Zelcic,R"]
[Result "0-1"]
[WhiteElo "2427"]
[BlackElo "2529"]

1.d4 Nf6 2.c4 e6 3.Nc3 Bb4 4.Qc2 O-O 5.a3 Bxc3+ 6.Qxc3 b6 7.Bg5 Ba6 8.e3 d6
9.Bd3 Nbd7 10.Ne2 c5 11.Qb3 h6 12.Bh4 Rc8 13.Qa4 cxd4 14.exd4 Bb7 15.O-O e5
16.Bf5 Rc7 17.Rfd1 Qa8 18.Bxd7 Nxd7 19.f3 e4 20.f4 Re8 21.Nc3 Qc8 22.Nb5 Bc6
23.Qb4 Bxb5 24.cxb5 d5 25.Qd6 Nf8 26.f5 Qb7 27.Rac1 Rec8 28.Rxc7 Rxc7 29.h3 Rc2
30.Be7 Nd7 31.Re1 Qc7 32.Qxc7 Rxc7 33.Bb4 Rc2 34.Bc3 Nf6 35.Rf1 Ne8 36.Rf2 Rxf2
37.Kxf2 Nd6 38.a4 Nxf5 39.Bb4 Nxd4 40.g4 e3+  0-1

[Event "It Ingres"]
[Site "Montauban FRA"]
[Date "2000.06.23"]
[Round "2"]
[White "Lazarev,V"]
[Black "Komarov,D"]
[Result "1/2-1/2"]
[WhiteElo "2493"]
[BlackElo "2568"]

1.d4 Nf6 2.c4 e6 3.Nc3 Bb4 4.Qc2 O-O 5.a3 Bxc3+ 6.Qxc3 b6 7.Bg5 Bb7 8.f3 h6
9.Bh4 d5 10.e3 Nbd7 11.cxd5 Nxd5 12.Bxd8 Nxc3 13.Be7 Rfe8 14.Bh4 Nd5 15.Bf2 Ne7
16.Bb5 c6 17.Ba4 e5 18.O-O-O exd4 19.Rxd4 Rad8 20.e4 Ne5 21.Bc2 c5 22.Rxd8  1/2-1/2

[Event "It Ingres"]
[Site "Montauban FRA"]
[Date "2000.06.27"]
[Round "6"]
[White "Touzane,O"]
[Black "Komarov,D"]
[Result "1/2-1/2"]
[WhiteElo "2384"]
[BlackElo "2568"]

1.d4 Nf6 2.c4 e6 3.Nc3 Bb4 4.Qc2 O-O 5.a3 Bxc3+ 6.Qxc3 b6 7.Bg5 d6 8.e3 Bb7
9.Nf3 Nbd7 10.Be2 Qe8 11.Bxf6 Nxf6 12.O-O Ne4 13.Qc2 f5 14.Ne1 Rf6 15.f3 Ng5
16.f4 Ne4 17.Bf3 c5 18.dxc5 Nxc5 19.Bxb7 Nxb7  1/2-1/2

[Event "FSIMA July"]
[Site "Budapest HUN"]
[Date "2000.07.02"]
[Round "2"]
[White "Kahn,E"]
[Black "Yates Doerr,R"]
[Result "1-0"]
[WhiteElo "2301"]
[BlackElo "2297"]

1.d4 Nf6 2.c4 e6 3.Nc3 Bb4 4.Qc2 O-O 5.Bg5 c5 6.dxc5 Nc6 7.Nf3 Bxc5 8.a3 Nd4
9.Nxd4 Bxd4 10.e3 Qa5 11.exd4 Qxg5 12.Qd2 Qxd2+ 13.Kxd2 d6 14.Bd3 Bd7 15.b4 Rfd8
16.f3 Rac8 17.a4 a5 18.bxa5 Ra8 19.Rhb1 Bc6 20.a6 bxa6 21.Rb6 Rdc8 22.Rab1 a5
23.Nb5 Nd7 24.Nxd6 Nxb6 25.Rxb6 Rc7 26.Be4 Bxe4 27.fxe4 f6 28.Kd3 e5 29.Nb5 Rd7
30.d5 Rc8 31.Nd6 Rcd8 32.c5 g6 33.Nb7 Rb8 34.c6 Rc7 35.d6 Rxc6 36.Rxc6 Rxb7
37.Rc8+  1-0

[Event "World Open"]
[Site "Philadelphia USA"]
[Date "2000.07.03"]
[Round "7"]
[White "Wright,W"]
[Black "Shapiro,D"]
[Result "0-1"]
[WhiteElo "2186"]
[BlackElo "2287"]

1.d4 Nf6 2.c4 e6 3.Nc3 Bb4 4.Qc2 O-O 5.a3 Bxc3+ 6.Qxc3 Ne4 7.Qc2 f5 8.Nf3 b6
9.g3 Bb7 10.Bg2 Qc8 11.b3 d6 12.O-O Nd7 13.Bb2 Ndf6 14.Nd2 Nxd2 15.Qxd2 Bxg2
16.Kxg2 Qb7+ 17.f3 b5 18.Bc3 bxc4 19.bxc4 Qa6 20.Qd3 Rab8 21.Bb4 Rfd8 22.Qe3 Re8
23.Rfc1 e5 24.d5 Qa4 25.Qd2 Red8 26.Qc2 Qd7 27.Bd2 Rdc8 28.Rab1 Rb6 29.Be3 Ra6
30.Rb3 c6 31.dxc6 Raxc6 32.Qd3 d5 33.Rb4 a6 34.Bg5 a5 35.Rb5 Rxc4 36.Rxc4 dxc4
37.Qxd7 Nxd7 38.Rxa5 f4 39.gxf4 h6 40.Bh4 c3 41.Be1 exf4 42.Rd5 c2 43.Bd2 Nf6
44.Rd4 c1=Q 45.Bxc1 Rxc1 46.Rxf4 Kf7 47.Kf2 Ra1 48.a4 Ke6 49.Rb4 Nd5 50.Rc4 Ra2
51.h4 Kf7 52.Rc5 Ke6 53.Rc4 Ke5 54.Rg4 Kf6 55.Rc4 Kg6 56.Ke1 Kh7 57.Kf2 Nb6
58.Rc6 Nxa4 59.Ra6 Nc3 60.Rxa2 Nxa2 61.h5 Nc3 62.e4 Kg8 63.Ke3 Kf7 64.f4 Ke6
65.Kd3 Nb5 66.Kc4 Nd6+ 67.Kd4 Ne8 68.f5+ Kf6 69.Kd5 Kg5 70.Ke6 Nf6 71.e5 Nxh5
72.Kf7 Kxf5 73.e6 g5 74.e7 Nf6  0-1

[Event "ch-SWE"]
[Site "Orebro SWE"]
[Date "2000.07.04"]
[Round "3"]
[White "Cramling,P"]
[Black "Brynell,S"]
[Result "1/2-1/2"]
[WhiteElo "2484"]
[BlackElo "2484"]

1.d4 e6 2.c4 Nf6 3.Nc3 Bb4 4.Qc2 O-O 5.e4 d5 6.e5 Ne4 7.Bd3 c5 8.cxd5 exd5
9.Ne2 cxd4 10.Nxd4 Nd7 11.f4 Qh4+ 12.g3 Qh3 13.Bf1 Qh5 14.Bg2 Nb6 15.O-O Bxc3
16.bxc3 Bf5 17.Bf3 Bg4 18.Bxg4 Qxg4 19.f5 f6 20.Rf4 Qh5 21.Rh4 Qe8 22.e6 Rc8
23.Rxe4 dxe4 24.Ba3 Qa4 25.Qxa4 Nxa4 26.Bxf8 Kxf8 27.Ne2 Nxc3 28.Nxc3 Rxc3
29.Rd1 g6 30.Rd8+ Ke7 31.Rd7+ Ke8 32.fxg6 hxg6 33.Kf2 Rc2+ 34.Ke3 Rxh2 35.Rxb7 Rxa2
36.Kxe4 Ra5 37.Kf4 Rf5+ 38.Kg4 a5 39.Ra7 Rb5 40.Kh3 Rc5 41.Rg7 a4 42.Rxg6 Ke7
43.Rg7+ Kxe6 44.Ra7 Rc4 45.Ra5 f5 46.Kg2 Kf6 47.Kh3 Kg5 48.Ra6 Rd4 49.Ra8 Kf6
50.Ra5 Rg4 51.Kh2 Ke6 52.Kh3 Rb4 53.Kg2 Kf6 54.Kh3 Kg5 55.Ra6 Re4 56.Ra5 Rc4
57.Ra6 f4 58.Ra5+ Kf6 59.gxf4 Rxf4  1/2-1/2

[Event "FSIMA July"]
[Site "Budapest HUN"]
[Date "2000.07.05"]
[Round "5"]
[White "Eriksson,Joh"]
[Black "Hardicsay,P"]
[Result "1/2-1/2"]
[WhiteElo "2364"]
[BlackElo "2310"]

1.d4 Nf6 2.c4 e6 3.Nc3 Bb4 4.Qc2 O-O 5.a3 Bxc3+ 6.Qxc3 b6 7.Bg5 Bb7 8.f3 d6
9.e3 Nbd7 10.Nh3 c5 11.dxc5 bxc5 12.O-O-O Qb6 13.Nf2 a5 14.Be2 Ra6 15.Rd2 Re8
16.g4 Raa8 17.h4 d5 18.Bxf6 Nxf6 19.g5 Nd7 20.h5 d4 21.exd4 cxd4 22.Rxd4 Nc5
23.Bd1 Rac8 24.Kb1 e5 25.Rd2 h6 26.Ng4 Ne4 27.fxe4 Bxe4+ 28.Ka1 Bxh1 29.gxh6 f5
30.c5 Rxc5 31.Nf6+ Qxf6 32.Qxc5 Qxh6 33.Qxa5 Qe3 34.Rd7 Be4 35.Qc7 Qg5 36.Ka2 Kh8
37.Ba4 Ra8 38.Qxe5 Rxa4 39.Qe8+ Kh7 40.Rd8 Bd5+ 41.Rxd5 Qg4 42.Rc5 Re4 43.Qf7 f4
44.Rc6 Rd4 45.Re6 Qg5 46.Re8 Qd5+ 47.Qxd5 Rxd5 48.Rf8 Kh6 49.Rxf4 Kxh5 50.b4 g5
51.Rf1 g4 52.a4 g3 53.a5 Kg4 54.Kb3 g2 55.Rg1 Kf3 56.a6 Rd3+ 57.Ka4 Rd2 58.Kb5 Kf2
59.Rxg2+ Kxg2 60.Kb6 Kf3 61.b5 Ke4 62.Ka7 Rd7+ 63.Ka8 Rd8+ 64.Kb7 Kd5 65.b6 Kc5
66.a7 Rg8 67.a8=Q Rxa8 68.Kxa8 Kxb6  1/2-1/2

[Event "FSIMB July"]
[Site "Budapest HUN"]
[Date "2000.07.06"]
[Round "6"]
[White "Yu Mingyuan"]
[Black "Froehlich,P"]
[Result "0-1"]
[WhiteElo "2419"]
[BlackElo "2375"]

1.d4 Nf6 2.c4 e6 3.Nc3 Bb4 4.Qc2 O-O 5.a3 Bxc3+ 6.Qxc3 b6 7.Bg5 c5 8.e3 d6
9.Bd3 Nbd7 10.Ne2 Ba6 11.dxc5 Nxc5 12.Bc2 Nce4 13.Bxe4 Nxe4 14.Bxd8 Nxc3
15.Be7 Rfe8 16.Bxd6 Ne4 17.Bb4 Bxc4 18.Rc1 b5 19.f3 a5 20.Bc3 Nc5 21.Nf4 e5  0-1

[Event "Equitable Card Invitational"]
[Site "Quezon City PHI"]
[Date "2000.07.07"]
[Round "8"]
[White "Wang Lei"]
[Black "Torre,E"]
[Result "1/2-1/2"]
[WhiteElo "2495"]
[BlackElo "2557"]

1.d4 Nf6 2.c4 e6 3.Nc3 Bb4 4.Qc2 O-O 5.a3 Bxc3+ 6.Qxc3 b6 7.Bg5 Ba6 8.e3 d6
9.Bd3 Nbd7 10.Ne2 c5 11.Qc2 h6 12.Bh4 Rc8 13.Qa4 cxd4 14.Bxf6 Nc5 15.Bxd8 Nxa4
16.Bh4 Nxb2 17.Nc1 Nxd3+ 18.Nxd3 dxe3 19.fxe3 Rxc4 20.Bg3 Rfc8 21.Nb4 Bb7
22.O-O Be4 23.Na2 Rc2 24.Bf2 a5 25.Rfc1 b5 26.h4 g5 27.hxg5 hxg5 28.g3 Kg7
29.Rxc2 Rxc2 30.Be1 Bd5 31.Nc3 Bc6 32.Rb1 b4 33.axb4 axb4 34.Rxb4 Bf3 35.Ne4 Bxe4
36.Rxe4 Kg6 37.Rd4 d5 38.Bb4 Kf5 39.Bd6 Re2 40.g4+ Kg6 41.Rd3 f5 42.Kf1 Rb2
43.gxf5+  1/2-1/2

[Event "FSIMB July"]
[Site "Budapest HUN"]
[Date "2000.07.08"]
[Round "8"]
[White "Yu Mingyuan"]
[Black "Vadasz,L"]
[Result "1/2-1/2"]
[WhiteElo "2419"]
[BlackElo "2285"]

1.d4 Nf6 2.c4 e6 3.Nc3 Bb4 4.Qc2 O-O 5.a3 Bxc3+ 6.Qxc3 d6 7.Bg5 Nbd7 8.e3 b6
9.Bd3 Ba6 10.b4 c5 11.Nf3 Rc8 12.dxc5 dxc5 13.b5 Bb7 14.O-O Qe7 15.Nd2 Rfd8
16.Rfd1 Nf8 17.f3 Ng6 18.h4 h6 19.h5 Ne5  1/2-1/2

[Event "FSIMA July"]
[Site "Budapest HUN"]
[Date "2000.07.11"]
[Round "11"]
[White "Keatinge Clay,A"]
[Black "Hardicsay,P"]
[Result "1-0"]
[WhiteElo "2287"]
[BlackElo "2310"]

1.d4 Nf6 2.c4 e6 3.Nc3 Bb4 4.Qc2 O-O 5.a3 Bxc3+ 6.Qxc3 b6 7.Bg5 Ba6 8.e3 d6
9.Nf3 Nbd7 10.Bd3 c5 11.b4 h6 12.Bh4 Qc7 13.O-O cxd4 14.exd4 Rac8 15.Rac1 Bb7
16.Bb1 Be4 17.Bxe4 Nxe4 18.Qe3 Nef6 19.h3 Rfe8 20.Bg3 e5 21.Rfe1 exd4 22.Qxd4 Rxe1+
23.Nxe1 Ne5 24.Nd3 Nfd7 25.c5 bxc5 26.bxc5 Nxd3 27.Qxd3 Nxc5 28.Qxd6 Qb6
29.Qd5 Rc6 30.Be5  1-0

[Event "Staffordshire GM"]
[Site "Lichfield ENG"]
[Date "2000.07.11"]
[Round "6"]
[White "Ippolito,D"]
[Black "Crouch,C"]
[Result "1/2-1/2"]
[WhiteElo "2373"]
[BlackElo "2424"]

1.d4 Nf6 2.c4 e6 3.Nc3 Bb4 4.Qc2 O-O 5.a3 Bxc3+ 6.Qxc3 b6 7.Bg5 Bb7 8.e3 d6
9.Nf3 Nbd7 10.Nd2 c5 11.f3 Rc8 12.Be2 Re8 13.dxc5 Rxc5 14.Bh4 d5 15.b4 Rc8
16.Qb2 Qc7 17.Bg3 e5 18.O-O Qd6 19.Rfd1 Qe6 20.Rac1 dxc4 21.Bxc4 Bd5 22.Ba6 Rxc1
23.Rxc1 e4 24.f4 h5 25.Rc7 Qg4 26.Nf1 Qd1 27.Bb5 Rd8 28.Rxa7 Rc8 29.Qe2 Qb1
30.h3  1/2-1/2

[Event "t-EuCh U18"]
[Site "Balatonlelle HUN"]
[Date "2000.07.12"]
[Round "4"]
[White "Markus,R"]
[Black "Geanta,H"]
[Result "1-0"]
[WhiteElo "2465"]
[BlackElo "2232"]

1.d4 Nf6 2.c4 e6 3.Nc3 Bb4 4.Qc2 O-O 5.a3 Bxc3+ 6.Qxc3 b6 7.Bg5 Ba6 8.e3 d6
9.Bd3 Nbd7 10.Ne2 Rc8 11.Qc2 h6 12.Bh4 c5 13.Qa4 Bb7 14.O-O Qc7 15.Rfc1 Rfe8
16.Nc3 Qb8 17.Bf1 a6 18.Qd1 Qc7 19.b4 Ne4 20.Nxe4 Bxe4 21.f3 Bb7 22.Ra2 Nf8
23.Bg3 e5 24.Rd2 f5 25.bxc5 bxc5 26.dxe5 dxe5 27.Qc2 f4 28.exf4 exf4 29.Bf2 Re5
30.Rcd1 Rce8 31.Rd6 Bc8 32.Qd2 Ne6 33.Rd5 Kh8 34.Qc3 Rg5 35.Re1 Bb7 36.Rxg5 hxg5
37.Qe5 Qc6 38.Bd3 Nc7 39.Qxg5 Rxe1+ 40.Bxe1 Qd6 41.Bc3  1-0

[Event "ch-NOR"]
[Site "Asker NOR"]
[Date "2000.07.14"]
[Round "8"]
[White "Johansen,Te"]
[Black "Dannevig,O"]
[Result "0-1"]
[WhiteElo "2211"]
[BlackElo "2356"]

1.d4 Nf6 2.c4 e6 3.Nc3 Bb4 4.Qc2 O-O 5.e4 d5 6.e5 Ne4 7.Bd3 c5 8.cxd5 exd5
9.Ne2 Nc6 10.O-O cxd4 11.Nxd5 Qxd5 12.Bxe4 Qxe5 13.Bxh7+ Kh8 14.Bf4 Qf6 15.Be4 Bg4
16.f3 Bd7 17.Qc4 Rfe8 18.Qd5 Bf5 19.Ng3 Bxe4 20.fxe4 Qe6 21.Qh5+ Kg8 22.Rf3 g6
23.Qb5 Re7 24.Rc1 Bd6 25.Nf5 gxf5 26.exf5 Qf6 27.Bxd6 Qxd6 28.f6 Re5 29.Qxb7 Rae8
30.Rxc6 Re1+ 31.Rf1 Rxf1+ 32.Kxf1 Qf4+ 33.Kg1 Re1+  0-1

[Event "ch-SWE"]
[Site "Orebro SWE"]
[Date "2000.07.14"]
[Round "12"]
[White "Hillarp Persson,T"]
[Black "Wedberg,T"]
[Result "0-1"]
[WhiteElo "2549"]
[BlackElo "2473"]

1.d4 Nf6 2.c4 e6 3.Nc3 Bb4 4.Qc2 O-O 5.e4 d5 6.e5 Ne4 7.Bd3 c5 8.cxd5 exd5
9.Ne2 cxd4 10.Nxd4 Nd7 11.f4 Ndc5 12.O-O Bxc3 13.bxc3 Nxd3 14.Qxd3 Re8 15.Ba3 b6
16.Rae1 Qd7 17.Rxe4 dxe4 18.Qxe4 Bb7 19.Qe3 Qd5 20.Rf2 Rac8 21.Qg3 Qe4 22.Re2 Qb1+
23.Re1 Qxa2 24.Nf5 g6 25.Nh6+ Kg7 26.Nf5+ Kh8 27.Be7 Rxe7 28.Nxe7 Re8 29.Qg5 Rxe7
30.Rd1 Re8 31.Rd8 Bc6 32.f5 Qb1+ 33.Kf2 Qxf5+  0-1

[Event "10th Smith & Williamson YM"]
[Site "Witley ENG"]
[Date "2000.07.21"]
[Round "8"]
[White "Gladyszev,O"]
[Black "Webster,A"]
[Result "1/2-1/2"]
[WhiteElo "2351"]
[BlackElo "2417"]

1.d4 e6 2.c4 Nf6 3.Nc3 Bb4 4.Qc2 O-O 5.e4 d5 6.e5 Ne4 7.Bd3 c5 8.a3 Bxc3+
9.bxc3 Qa5 10.Bxe4 dxe4 11.Bd2 Qa6 12.Qxe4 Qxc4 13.Nf3 Nd7 14.Ng5 f5 15.exf6 Nxf6
16.Qe2 Qxe2+ 17.Kxe2 b6 18.f3 h6 19.Ne4 Ba6+  1/2-1/2

[Event "WIPRO GM"]
[Site "Hyderabad IND"]
[Date "2000.07.22"]
[Round "7"]
[White "Vijayalakshmi,S"]
[Black "Sorokin,M"]
[Result "1-0"]
[WhiteElo "2378"]
[BlackElo "2541"]

1.d4 Nf6 2.c4 e6 3.Nc3 Bb4 4.Qc2 O-O 5.a3 Bxc3+ 6.Qxc3 Ne4 7.Qc2 f5 8.g3 b6
9.Bg2 Bb7 10.Nf3 Nf6 11.d5 exd5 12.Nd4 Nc6 13.Nxf5 dxc4 14.O-O d5 15.Bg5 Ne7
16.Rad1 c6 17.Nd4 Qd7 18.Bxf6 Rxf6 19.e4 b5 20.e5 Rff8 21.f4 c5 22.e6 Qe8
23.Nf3 Qg6 24.Qe2 Rae8 25.Nh4 Qf6 26.f5 Bc6 27.Rf4 a5 28.Bf3 b4 29.Bh5 Rb8
30.Bf7+ Rxf7 31.exf7+ Kxf7 32.Ng6 bxa3 33.bxa3 c3 34.Ne5+ Kf8 35.Nxc6 Nxc6
36.Rxd5 Nd4 37.Qc4 Qe7 38.Rf2 Qe1+ 39.Kg2 Qe4+  1-0

[Event "KB Czech Open"]
[Site "Pardubice CZE"]
[Date "2000.07.23"]
[Round "3"]
[White "Tugui,A"]
[Black "Cvek,R"]
[Result "1/2-1/2"]
[WhiteElo "2314"]
[BlackElo "2408"]

1.d4 Nf6 2.c4 e6 3.Nc3 Bb4 4.Qc2 O-O 5.a3 Bxc3+ 6.Qxc3 b6 7.f3 d5 8.Bg5 h6
9.Bh4 Re8 10.e3 Bb7 11.Nh3 Nbd7 12.cxd5 exd5 13.Be2 Qe7 14.Bf2 c5 15.O-O cxd4
16.Qxd4 Nc5 17.Rad1 Rac8 18.Rfe1 Ne6 19.Qd2 a5 20.Nf4 Red8 21.b4 axb4 22.axb4 Rc6
23.Bb5 Rcc8 24.Rc1 Rxc1 25.Rxc1 Nxf4 26.exf4 d4 27.Bxd4 Ne4 28.Qb2 Nd6 29.Bf1 Nf5
30.Bxb6 Re8 31.Bc5 Qh4 32.g3 Nxg3 33.Bf2 Qxf4 34.Bxg3 Qe3+ 35.Kh1 Qxf3+ 36.Bg2 Re2
37.Qxe2 Qxe2 38.Bxb7 Qe7 39.Bd5 Qxb4 40.Rf1 Kh7 41.Rxf7 Qb1+ 42.Kg2 Qd3 43.Bb7 Qb1
44.Bd5 Qd3 45.Bb7  1/2-1/2

[Event "KB Czech Open"]
[Site "Pardubice CZE"]
[Date "2000.07.25"]
[Round "5"]
[White "Stefansson,H"]
[Black "Panchenko,AN"]
[Result "1-0"]
[WhiteElo "2557"]
[BlackElo "2384"]

1.d4 Nf6 2.c4 e6 3.Nc3 Bb4 4.Qc2 O-O 5.a3 Bxc3+ 6.Qxc3 d6 7.g3 e5 8.dxe5 dxe5
9.Nf3 Nc6 10.Be3 Qe7 11.b4 Re8 12.b5 e4 13.bxc6 exf3 14.exf3 Qc5 15.cxb7 Bxb7
16.Be2 Qf5 17.g4 Qd7 18.h3 Qc6 19.O-O-O Nd7 20.Rd2 Ne5 21.Rhd1 Nxf3 22.Rd5 Nh4
23.Rc5 Qe4 24.Rxc7 Rad8 25.Bd3 Qf3 26.Bg5 Rb8 27.Rxb7 Rxb7 28.Bxh4 g6 29.Qf6 Qxh3
30.Bg3 Rb6 31.Qh4 Qg2 32.Rh1 Rbe6 33.Qxh7+ Kf8 34.Qh6+ Ke7 35.Rd1  1-0

[Event "MTO Open"]
[Site "Biel SUI"]
[Date "2000.07.26"]
[Round "3"]
[White "Scheffknecht,P"]
[Black "Leutwyler,M"]
[Result "1-0"]
[WhiteElo "2094"]
[BlackElo "2154"]

1.d4 Nf6 2.c4 e6 3.Nc3 Bb4 4.Qc2 O-O 5.e3 b6 6.Bd3 Bb7 7.f3 c5 8.Ne2 d5 9.a3 Bxc3+
10.bxc3 Nbd7 11.cxd5 exd5 12.O-O Re8 13.Ng3 Qc7 14.Bd2 Nf8 15.a4 c4 16.Bf5 g6
17.Bh3 h5 18.Rae1 N8h7 19.Nh1 Re7 20.Re2 Rae8 21.Rfe1 Ng5 22.Nf2 Bc6 23.Bc1 Nxh3+
24.Nxh3 Qd7 25.a5 Ba4 26.Qd2 bxa5 27.Ba3 Re6 28.Ng5 Rb6 29.e4 Bc6 30.e5 Nh7
31.e6 fxe6 32.Rxe6 Rxe6 33.Rxe6 Ba4 34.Re7 Rb1+ 35.Kf2 Qf5 36.Nxh7 Ra1 37.Qh6 Ra2+
38.Kg3 h4+ 39.Kxh4 Qh5+ 40.Qxh5 gxh5 41.Bc5  1-0

[Event "KB Czech Open"]
[Site "Pardubice CZE"]
[Date "2000.07.26"]
[Round "6"]
[White "Maiorov,N"]
[Black "Brodsky,M"]
[Result "1-0"]
[WhiteElo "2211"]
[BlackElo "2532"]

1.d4 Nf6 2.c4 e6 3.Nc3 Bb4 4.Qc2 O-O 5.a3 Bxc3+ 6.Qxc3 Ne4 7.Qc2 f5 8.Nh3 d6
9.f3 Nf6 10.e3 c5 11.b4 b6 12.Be2 Nc6 13.b5 Ne7 14.Bb2 Qc7 15.O-O Bd7 16.a4 Ng6
17.Rfd1 Rad8 18.Bc3 Rfe8 19.Qb2 e5 20.dxc5 Qxc5 21.Nf2 Be6 22.Bb4 Qxe3 23.Bxd6 e4
24.Ra3 Qg5 25.fxe4 fxe4 26.Rg3 Qf5 27.Qc1 Bf7 28.c5 bxc5 29.Qxc5 Qe6 30.Bc7 Ra8
31.Re3 Rec8 32.a5 Nd7 33.Qd6 Qxd6 34.Bxd6 Nge5 35.b6 axb6 36.axb6 Re8 37.Rxe4 Ra5
38.b7 Bb3 39.Rc1 Bd5 40.Rc8 Bxe4 41.Rxe8+ Kf7 42.Re7+  1-0

[Event "Open"]
[Site "Kavala GRE"]
[Date "2000.07.29"]
[Round "6"]
[White "Botsari,A"]
[Black "Raptis,G"]
[Result "1/2-1/2"]
[WhiteElo "2325"]
[BlackElo "2143"]

1.d4 Nf6 2.c4 e6 3.Nc3 Bb4 4.Qc2 O-O 5.a3 Bxc3+ 6.Qxc3 b6 7.Bg5 Bb7 8.f3 h6
9.Bh4 d5 10.e3 Nbd7 11.Nh3 c5 12.cxd5 Nxd5 13.Bxd8 Nxc3  1/2-1/2

[Event "HZ Open"]
[Site "Vlissingen NED"]
[Date "2000.07.30"]
[Round "3"]
[White "Golod,V"]
[Black "Werle,J"]
[Result "1-0"]
[WhiteElo "2590"]
[BlackElo "2311"]

1.d4 Nf6 2.c4 e6 3.Nc3 Bb4 4.Qc2 O-O 5.a3 Bxc3+ 6.Qxc3 b6 7.Bg5 Bb7 8.f3 h6
9.Bh4 d5 10.e3 Nbd7 11.cxd5 exd5 12.Bd3 c5 13.Ne2 Rc8 14.O-O Ne4 15.Qe1 Nef6
16.Bf5 Rc7 17.e4 dxe4 18.fxe4 cxd4 19.Nxd4 Rc4 20.Ne6  1-0

[Event "MTO Open"]
[Site "Biel SUI"]
[Date "2000.07.31"]
[Round "7"]
[White "Scheffknecht,P"]
[Black "Jurek,J"]
[Result "0-1"]
[WhiteElo "2094"]
[BlackElo "2329"]

1.d4 Nf6 2.c4 e6 3.Nc3 Bb4 4.Qc2 O-O 5.a3 Bxc3+ 6.Qxc3 b6 7.Nf3 Bb7 8.e3 d6
9.Bd3 Ne4 10.Qc2 f5 11.Nd2 Qh4 12.g3 Qf6 13.O-O Ng5 14.h4 Nf7 15.e4 Nc6 16.Nf3 Nxd4
17.Nxd4 Qxd4 18.Be3 Qf6 19.exf5 Ne5 20.Be4 Bxe4 21.Qxe4 Qxf5 22.Qxf5 Rxf5
23.Rac1 Nf3+ 24.Kg2 e5 25.b4 c5 26.Rfd1 Nd4 27.f4 Re8 28.bxc5 bxc5 29.Rb1 Rf7
30.Rb2 h5 31.Rdb1 Nf5 32.Bd2 exf4 33.Bxf4 Nxh4+ 34.Kh3 Nf5 35.Rb8 Re7 36.Rxe8+ Rxe8
37.Rb7 Re4 38.Rxa7 h4 39.Kg4 hxg3  0-1

[Event "FIDE women's World Cup Gp D"]
[Site "Shenyang CHN"]
[Date "2000.08.04"]
[Round "4"]
[White "Hoang Thanh Trang"]
[Black "Wang Lei"]
[Result "1/2-1/2"]
[WhiteElo "2489"]
[BlackElo "2498"]

1.d4 Nf6 2.c4 e6 3.Nc3 Bb4 4.Qc2 O-O 5.a3 Bxc3+ 6.Qxc3 b6 7.Bg5 Ba6 8.Qf3 Nc6
9.e3 h6 10.Bxf6 Qxf6 11.Qxf6 gxf6 12.Nf3 Ne7 13.b4 c5 14.dxc5 bxc5 15.Bd3 Bb7
16.Ke2 a5 17.b5 Kh8 18.Rhb1 Nc8 19.Nd2 Nb6 20.g3 Rfc8 21.Rc1 Rc7 22.Be4 d5
23.Bf3 a4 24.Rab1 Ra5 25.Rb2 Kg7 26.e4 dxe4 27.Bxe4 Bxe4 28.Nxe4 f5 29.Nd2 Rd7
30.Nf3 Kf6 31.Rd2 Raa7 32.Rc3 Rxd2+ 33.Nxd2 Rd7 34.Rd3 Ke7 35.Rxd7+ Kxd7
36.Ke3 f6 37.Kf4 h5 38.h4 Ke7 39.Ke3 Nd7 40.Kd3 Ne5+ 41.Kc3 Kd6 42.Nf1  1/2-1/2

[Event "TCh-ESP"]
[Site "Barcelona ESP"]
[Date "2000.08.07"]
[Round "3"]
[White "Bellon Lopez,JM"]
[Black "Vehi Bach,V"]
[Result "1/2-1/2"]
[WhiteElo "2421"]
[BlackElo "2454"]

1.d4 Nf6 2.c4 e6 3.Nc3 Bb4 4.Qc2 O-O 5.e4 d5 6.e5 Ne4 7.Bd3 c5 8.cxd5 exd5
9.Ne2 cxd4 10.Nxd4 Nd7 11.f4 Nec5 12.O-O Nxd3 13.Qxd3 Bxc3 14.bxc3 Re8 15.c4 Nc5
16.Qa3 b6 17.Nb5 dxc4 18.Nd6 Re7 19.Be3 Nb7 20.Rad1 Nxd6 21.Rxd6 Qe8 22.Bxb6 Bf5
23.Bd4 Rd7 24.Qg3 Rad8 25.Re1 Re7 26.Re3 g6 27.Rxd8 Qxd8 28.Bc3 Qd1+  1/2-1/2

[Event "4th Open"]
[Site "Halkida GRE"]
[Date "2000.08.13"]
[Round "3"]
[White "Nikolaidis,K"]
[Black "Skaperdas,K"]
[Result "1-0"]
[WhiteElo "2308"]
[BlackElo "2197"]

1.d4 e6 2.c4 Nf6 3.Nc3 Bb4 4.Qc2 O-O 5.a3 Bxc3+ 6.Qxc3 b6 7.Bg5 Ba6 8.e3 h6
9.Bh4 d6 10.Bd3 Nbd7 11.Ne2 c5 12.Qc2 Rc8 13.Qa4 Bb7 14.O-O cxd4 15.exd4 Bc6
16.Qd1 Qc7 17.Rc1 Qb7 18.f3 b5 19.b3 Rfd8 20.Qd2 a6 21.Kh1 Qb8 22.Rc2 g5
23.Bg3 Nh5 24.Qe3 Nf8 25.f4 Qb7 26.Nc3 f6 27.Rd2 Kg7 28.Rdf2 Re8 29.fxg5 hxg5
30.Bxd6 Ng6 31.Ne2 Nh4 32.Rxf6 Bxg2+ 33.Kg1 Nf3+ 34.R1xf3  1-0

[Event "FSGM August"]
[Site "Budapest HUN"]
[Date "2000.08.14"]
[Round "10"]
[White "Nguyen Anh Dung"]
[Black "Medvegy,Z"]
[Result "1/2-1/2"]
[WhiteElo "2487"]
[BlackElo "2428"]

1.d4 Nf6 2.c4 e6 3.Nc3 Bb4 4.Qc2 O-O 5.a3 Bxc3+ 6.Qxc3 b6 7.Bg5 h6 8.Bh4 Ba6
9.e3 d6 10.Bd3 Nbd7 11.Ne2 c5 12.Qb3 Rc8 13.Qa4 Bb7 14.O-O cxd4 15.exd4 Qc7
16.Nc3 d5 17.cxd5 Nxd5 18.Nxd5 Bxd5 19.Bg3 Bc6 20.Bxc7 Bxa4 21.Rac1 Nc5 22.dxc5 Rxc7
23.cxb6 Rxc1 24.Rxc1 axb6 25.Kf1 Rd8 26.Ke2 g5 27.Ke3  1/2-1/2

[Event "Paul Keres mem"]
[Site "Tallinn EST"]
[Date "2000.08.15"]
[Round "2"]
[White "Shishkov,A"]
[Black "Teemae,L"]
[Result "1-0"]
[WhiteElo "2339"]
[BlackElo "2135"]

1.d4 Nf6 2.c4 e6 3.Nc3 Bb4 4.Qc2 O-O 5.Nf3 b6 6.e4 d5 7.e5 Ne4 8.Bd3 Bb7
9.cxd5 exd5 10.O-O Bxc3 11.bxc3 c5 12.Be3 cxd4 13.cxd4 f5 14.exf6 Nxf6 15.Ng5 Ng4
16.h3  1-0

[Event "ch-ESP"]
[Site "Barcelona ESP"]
[Date "2000.08.21"]
[Round "4"]
[White "Jose Abril,R"]
[Black "Izeta,F"]
[Result "1/2-1/2"]
[WhiteElo "2361"]
[BlackElo "2456"]

1.d4 Nf6 2.c4 e6 3.Nc3 Bb4 4.Qc2 O-O 5.a3 Bxc3+ 6.Qxc3 b6 7.Bg5 Ba6 8.Nf3 d6
9.e3 Nbd7 10.b4 c5 11.dxc5 bxc5 12.b5 Bb7 13.Bd3 h6 14.Bh4 Qe7 15.Nd2 Ne5
16.Be2 Bxg2 17.Rg1 Bb7 18.f4 Ng6 19.Bxf6 Qxf6 20.Qxf6 gxf6 21.Kf2 f5 22.Nb3 Kh7
23.Rgd1 Rad8 24.Rd2 Rg8 25.Rad1 Nh4 26.Rxd6 Rg2+ 27.Ke1 Rdg8 28.Rd7 Bf3 29.Nc1 Kg6
30.Kd2 Kf6 31.Kd3 Rxh2 32.Rd2 Be4+ 33.Kc3 Rg3 34.Bh5 Rxe3+ 35.Nd3 Rxd3+ 36.R7xd3 Rh1
37.Rd7 Ng6 38.Bxg6 fxg6 39.Rxa7 g5 40.b6 Rc1+ 41.Kb3 gxf4 42.b7 Bxb7 43.Rxb7 f3
44.Rc7 e5 45.Rxc5 Re1 46.Kc2 Kg5 47.Ra5 e4 48.Rdd5 e3 49.Rxf5+ Kg4 50.Rae5 e2
51.Rf8 Rf1 52.Re4+ Kg3 53.Re3 e1=Q 54.Rfxf3+ Rxf3 55.Rxe1 Rxa3 56.Rh1 Kf4
57.Rxh6 Ke4 58.Rh4+  1/2-1/2

[Event "Paul Keres mem"]
[Site "Tallinn EST"]
[Date "2000.08.21"]
[Round "8"]
[White "Gavrikov,Vi"]
[Black "Timoshenko,G"]
[Result "1/2-1/2"]
[WhiteElo "2549"]
[BlackElo "2557"]

1.d4 Nf6 2.c4 e6 3.Nc3 Bb4 4.Qc2 O-O 5.a3 Bxc3+ 6.Qxc3 b6 7.Bg5 Ba6 8.e3 d6
9.Nf3 Nbd7 10.Nd2 c5 11.dxc5 bxc5 12.Bd3 Qb6 13.O-O h6 14.Bh4 d5 15.Rab1 Bb7
16.Rfe1 a5 17.b3 Qc6 18.f3 a4 19.b4 cxb4 20.Rxb4 Rfc8 21.e4 Ba6 22.Qb2 Rab8
23.cxd5 exd5 24.Bxa6  1/2-1/2